| 000 | 00643nam a2200253Ia 4500 | ||
|---|---|---|---|
| 008 | 160216s9999 xx 000 0 und d | ||
| 020 | _a0-7234-3259-7 | ||
| 050 | _aMAIN QR 46 | ||
| 050 | _b.M43 2004 | ||
| 245 | _aMedical microbiology / | ||
| 245 | _cCedric Mims.. [et al] | ||
| 250 | _a3rd Edition | ||
| 260 | _aSt. Louis, Missouri : | ||
| 260 | _bMosby. | ||
| 260 | _c2004 | ||
| 300 | _a660 pages : | ||
| 300 | _bcol. ill. ; | ||
| 300 | _c28 cm. | ||
| 500 | _aIncludes bibliographical references and index. | ||
| 650 | _aBacteriology. | ||
| 650 | _aMicrobiology -- | ||
| 650 | _aParasitology. | ||
| 650 | _xMedical. | ||
| 999 |
_c290904 _d290904 |
||